000 00413nam a2200181Ia 4500
001 24120
005 20260414151022.0
008 260414t1999||||xx |||||||||||||| ||spa||
041 _aESP
082 _a780.94
_bS36
100 _aSeguĂ­, Salvador
_eAUT
245 0 _aManuel Palau (1893-1967)
_b
260 _c1999
300 _a170 9.
_c20 cm.
650 _aABD
654 _aCAU
942 _cLIB
_dJUS
_fJUS
_2ddc
_n
999 _c24120
_d24120